000 00899nam a2200289Ia 4500
001 Para_7342
003 CHAP
008 220125s9999 xx 000 0 und d
010 _a206230
040 _cCHAP
090 _aPA R-93
100 _aErickson, Louis C.
_9172467
245 _aEffects of ozonated hexene on photosynthesis and respiration of lemna minor /
_c Louis C. Erickson and Randolph T. Weeding
260 _aRiverside, Calif. :
_b University of California. Citrus Experiment Station
300 _a6 p.
500 _aSobretiro de: The American Journal of Botani, 43(1): 32-6, 1956
650 _aFotosíntesis
_942737
650 _aLemna minor
_965949
700 _aWedding, Radolph
_9172468
901 _aPA R-93
902 _aA
905 _a000000 0000000000 00
910 _a
942 _cPARA
942 _cPARA
_d1
999 _c206230
_d206230